Giới thiệu thị trường Ấn Độ và giải pháp đẩy mạnh quan hệ thương mại giữa Việt Nam - Ấn Độ

Uloženo v:
Podrobná bibliografie
Médium: Sách
Jazyk:Undetermined
Vydáno:  Công Thương  2017
Témata:
Tagy: Přidat tag
Žádné tagy, Buďte první, kdo otaguje tento záznam!
Thư viện lưu trữ: Trung tâm Thư viện - Trường Đại học Công nghiệp TP. Hồ Chí Minh
LEADER 00574nam a2200133Ia 4500
001 UIH_02759
008 231011s9999 xx 000 0 und d
082 |a  382.09597054 
245 0 |a  Giới thiệu thị trường Ấn Độ và giải pháp đẩy mạnh quan hệ thương mại giữa Việt Nam - Ấn Độ 
260 |b  Công Thương 
260 |c  2017 
650 |a  Thị trường; Thương mại quốc tế;  
927 |a Sách 
980 |a Trung tâm Thư viện - Trường Đại học Công nghiệp TP. Hồ Chí Minh